00522nam a2200157 i 4500001000700000003000900007005001700016008004100033100002400074245003900098260004900137300002100186490003000207830003000237852009700267182378ES-MaACL20230906221608.0130807q19001950fr |||| | fre d0 aChénier, André.10aÉlégies / cAndré Chénier. aParis : bLes Éditions G. Crès, c[19-?] a74 p. ; c15 cm.1 aBibliothèque "classica"0 aBibliothèque "classica" aES-MaACLj2321-F-2 z.- Donat. de los herederos de la bibl. de Mª del Pilar Costa Palacín